Readers delight self help with naturopathy (Record no. 2905)

MARC details
000 -LEADER
fixed length control field 00620 a2200181 4500
010 ## - LIBRARY OF CONGRESS CONTROL NUMBER
LC control number ENG-85556
020 ## - INTERNATIONAL STANDARD BOOK NUMBER
Terms of availability 95.00
International Standard Book Number 8178123436
035 ## - SYSTEM CONTROL NUMBER
System control number EN-69089
037 ## - SOURCE OF ACQUISITION
Source of stock number/acquisition D.B.Act / ven
082 14 - DEWEY DECIMAL CLASSIFICATION NUMBER
Classification number 615.535
090 ## - LOCALLY ASSIGNED LC-TYPE CALL NUMBER (OCLC); LOCAL CALL NUMBER (OCLC)
-- 2962
-- 2962
245 1# - TITLE STATEMENT
Title Readers delight self help with naturopathy
260 ## - PUBLICATION, DISTRIBUTION, ETC. (IMPRINT)
Place of publication, distribution, etc New Delhi
Name of publisher, distributor, etc Reader's Delight
Date of publication, distribution, etc 2006
270 ## - ADDRESS
Address 12-H, New Daryaganj Road, Opp. Traffic Kotwali
City New Delhi
Postal code 110 002
Electronic mail address info@remeshpublishinghouse.com
300 ## - PHYSICAL DESCRIPTION
Extent 176 p.
Dimensions 22 cm (Pbk.)
942 ## - ADDED ENTRY ELEMENTS (KOHA)
Institution code [OBSOLETE] dpl
Koha item type English Books
Call number prefix 615.535 / REA
Holdings
Withdrawn status Lost status Source of classification or shelving scheme Damaged status Not for loan Collection code Home library Current library Source of acquisition Cost, normal purchase price Total Checkouts Full call number Barcode Date last seen Copy number Uniform Resource Identifier Cost, replacement price Price effective from Koha item type
    Dewey Decimal Classification   Not For Loan Non-fiction D.B.Act.Division D.B.Act.Division DBAD/PUB 95.00   615.535 REA EN-69089 15/09/2008 1 3096 95.00 15/09/2008 English Books

© Delhi Public Library
Hit Counter
free hit counter